Ancient Indian History and Civilization/ (Record no. 192493)

MARC details
000 -LEADER
fixed length control field 00539nam a22001817a 4500
005 - DATE AND TIME OF LATEST TRANSACTION
control field 20220923124112.0
010 ## - LCCN (DPL NO)
LC control number ENG-135198
020 ## - INTERNATIONAL STANDARD BOOK NUMBER
International Standard Book Number 9789389393484
Terms of availability 750.00
035 ## - SYSTEM CONTROL NUMBER
System control number EN-118730
037 ## - SOURCE OF ACQUISITION
Source of stock number/acquisition DBAD/PUB
082 ## - DEWEY DECIMAL CLASSIFICATION NUMBER
Classification number 954
100 ## - MAIN ENTRY--PERSONAL NAME
Personal name Basu, Kamal.
245 ## - TITLE STATEMENT
Title Ancient Indian History and Civilization/
Statement of responsibility, etc Kamal Basu
260 ## - PUBLICATION, DISTRIBUTION, ETC. (IMPRINT)
Place of publication, distribution, etc Allahabad
Name of publisher, distributor, etc Sanket Prakashan
Date of publication, distribution, etc 2017
270 ## - ADDRESS
Address 5, U.N. Ashk Marg, (Old Khusro Bagh Road)
City Allahabad
Postal code 211001
300 ## - PHYSICAL DESCRIPTION
Extent v,224p.
Dimensions 23cm.(hb)
942 ## - ADDED ENTRY ELEMENTS (KOHA)
Item type English Books
Classification part 954
Source of classification or shelving scheme Dewey Decimal Classification
Call number suffix BAS
Holdings
Withdrawn status Lost status Not for loan Collection code Home library Current library Date acquired Source of acquisition Cost, normal purchase price Full call number Barcode Copy number Cost, replacement price Koha item type
      Non-fiction Community Library Lodhi Road Community Library Lodhi Road 23/09/2022 DBAD/PUB 750.00 954 BAS EN-118730 1 750.00 English Books

© Delhi Public Library
Hit Counter
free hit counter